C++ programming : (Record no. 9171)

MARC details
000 -LEADER
fixed length control field 01689cam a22003014a 4500
001 - CONTROL NUMBER
control field 15520341
003 - CONTROL NUMBER IDENTIFIER
control field OSt
005 - DATE AND TIME OF LATEST TRANSACTION
control field 20220824140020.0
008 - FIXED-LENGTH DATA ELEMENTS--GENERAL INFORMATION
fixed length control field 081113s2009 maua b 001 0 eng
010 ## - LIBRARY OF CONGRESS CONTROL NUMBER
LC control number 2008279079
020 ## - INTERNATIONAL STANDARD BOOK NUMBER
International Standard Book Number 9780538747561 (pbk.)
020 ## - INTERNATIONAL STANDARD BOOK NUMBER
International Standard Book Number 142390222X (pbk.)
040 ## - CATALOGING SOURCE
Original cataloging agency LC
Transcribing agency LC
Modifying agency LC
050 00 - LIBRARY OF CONGRESS CALL NUMBER
Classification number QA76.73.C153.M11
Item number M27 2009
082 00 - DEWEY DECIMAL CLASSIFICATION NUMBER
Classification number 005.13/3
Edition number 22
100 1# - MAIN ENTRY--PERSONAL NAME
Personal name Malik, D. S.
9 (RLIN) 10
245 10 - TITLE STATEMENT
Title C++ programming :
Remainder of title program design including data structures /
Statement of responsibility, etc. D.S. Malik.
250 ## - EDITION STATEMENT
Edition statement 4th ed.
260 ## - PUBLICATION, DISTRIBUTION, ETC.
Place of publication, distribution, etc. Boston, MA :
Name of publisher, distributor, etc. Course Technology, Cengage Learning,
Date of publication, distribution, etc. c2009.
300 ## - PHYSICAL DESCRIPTION
Extent xlvi, 1560 p. :
Other physical details col. ill. ;
Dimensions 23 cm.
504 ## - BIBLIOGRAPHY, ETC. NOTE
Bibliography, etc. note Includes bibliographical references (p. 1511) and index.
505 ## - FORMATTED CONTENTS NOTE
Formatted contents note Content: An overview of computers and programming languages -- Basic elements of C++ -- Input/output -- Control structures 1 (selection) -- Control structures 11 (reception) -- User-defined functions 1 -- User-defined functions 11 -- User-defined simple data types, names spaces and the string type -- Arrays and strings -- Records (structs) Classes and data abstraction -- Inheritance and composition -- pointers, classes, virtual functions, and abstract classes -- Overloading and templates -- Exception handling -- Recursion -- Linked lists -- Stacks and queues -- Searching and sorting algorithms -- Binary trees -- Graphs -- Standard templates library (STL).
650 #0 - SUBJECT ADDED ENTRY--TOPICAL TERM
Topical term or geographic name entry element C++ (Computer program language)
9 (RLIN) 11
856 41 - ELECTRONIC LOCATION AND ACCESS
Materials specified Table of contents only
Uniform Resource Identifier <a href="http://www.loc.gov/catdir/toc/fy1002/2008279079.html">http://www.loc.gov/catdir/toc/fy1002/2008279079.html</a>
906 ## - LOCAL DATA ELEMENT F, LDF (RLIN)
a 7
b cbc
c origcop
d 2
e ncip
f 20
g y-gencatlg
942 ## - ADDED ENTRY ELEMENTS (KOHA)
Source of classification or shelving scheme Dewey Decimal Classification
Koha item type Books
Holdings
Withdrawn status Lost status Source of classification or shelving scheme Damaged status Not for loan Home library Current library Shelving location Date acquired Total Checkouts Full call number Barcode Date last seen Date last checked out Copy number Price effective from Koha item type
    Library of Congress Classification     WISCONSIN INTERNATIONAL UNIVERSITY COLLEGE, GHANA KUMASI LIBRARY WISCONSIN INTERNATIONAL UNIVERSITY COLLEGE, GHANA KUMASI LIBRARY General Stacks 14/11/2019 1 QA76.73.C153.M11(4e) K/2235/2235/19 11/10/2024 09/10/2024 1 24/08/2022 Books
    Library of Congress Classification     WISCONSIN INTERNATIONAL UNIVERSITY COLLEGE, GHANA KUMASI LIBRARY WISCONSIN INTERNATIONAL UNIVERSITY COLLEGE, GHANA KUMASI LIBRARY   14/11/2019   QA76.73.C153.M111(4e) K/2236/2236/19 24/08/2022   2 24/08/2022 Books
    Library of Congress Classification     WISCONSIN INTERNATIONAL UNIVERSITY COLLEGE, GHANA KUMASI LIBRARY WISCONSIN INTERNATIONAL UNIVERSITY COLLEGE, GHANA KUMASI LIBRARY General Stacks 14/11/2019   QA76.73.C153.M112(4e) K/2237/2237/19 24/08/2022   3 24/08/2022 Books
    Library of Congress Classification     WISCONSIN INTERNATIONAL UNIVERSITY COLLEGE, GHANA KUMASI LIBRARY WISCONSIN INTERNATIONAL UNIVERSITY COLLEGE, GHANA KUMASI LIBRARY General Stacks 14/11/2019   QA76.73.C153.M113(4e) K/2334/2334/19 24/08/2022   4 24/08/2022 Books
    Library of Congress Classification     WISCONSIN INTERNATIONAL UNIVERSITY COLLEGE, GHANA KUMASI LIBRARY WISCONSIN INTERNATIONAL UNIVERSITY COLLEGE, GHANA KUMASI LIBRARY General Stacks 14/11/2019   QA76.73.C153.M114(4e) K/2335/2335/19 24/08/2022   5 24/08/2022 Books
    Library of Congress Classification     WISCONSIN INTERNATIONAL UNIVERSITY COLLEGE, GHANA KUMASI LIBRARY WISCONSIN INTERNATIONAL UNIVERSITY COLLEGE, GHANA KUMASI LIBRARY General Stacks 14/11/2019   QA76.73.C153.M115(4e) K/2336/2336/19 24/08/2022   6 24/08/2022 Books
    Library of Congress Classification     WISCONSIN INTERNATIONAL UNIVERSITY COLLEGE, GHANA KUMASI LIBRARY WISCONSIN INTERNATIONAL UNIVERSITY COLLEGE, GHANA KUMASI LIBRARY General Stacks 14/11/2019   QA76.73.C153.M116(4e) K/2337/2337/19 24/08/2022   7 24/08/2022 Books

If you have any concerns or questions; kindly contact the library


© Powered by WIUC ICT DIRECTORATE